Node.js, MongoDB, and AngularJS Web Development /

Node.js, MongoDB and AngularJS Web Development The definitive guide to building JavaScript-based Web applications from server to browser Node.js, MongoDB, and AngularJS are three new web development technologies that together provide an easy to implement, fully integrated web development stack. Node...

Full description

Bibliographic Details
Main Author: Dayley, Brad (Author)
Corporate Author: Safari, an O'Reilly Media Company
Format: eBook
Language:English
Published: Addison-Wesley Professional, 2014.
Edition:1st edition.
Subjects:
Online Access:Connect to this electronic resource

MARC

Tag First Indicator Second Indicator Subfields
LEADER 00000uam a2200000 a 4500
001 in00004247828
005 20260128203805.3
006 m o d
007 cr cn
008 160414s2014 xx o eng
020 |z 9780133844351 
020 |z 0321995783 
020 |z 9780321995780 
020 |z 0133844358 
035 |a (CaSebORM)9780133844351 
040 |d UtOrBLW 
041 0 |a eng 
100 1 |a Dayley, Brad,  |e author.  |0 http://id.loc.gov/authorities/names/n98085197 
245 1 0 |a Node.js, MongoDB, and AngularJS Web Development /  |c Dayley, Brad. 
250 |a 1st edition. 
264 1 |b Addison-Wesley Professional,  |c 2014. 
300 |a 1 online resource (696 pages) 
336 |a text  |b txt  |2 rdacontent 
337 |a computer  |b c  |2 rdamedia 
338 |a online resource  |b cr  |2 rdacarrier 
347 |a text file 
520 |a Node.js, MongoDB and AngularJS Web Development The definitive guide to building JavaScript-based Web applications from server to browser Node.js, MongoDB, and AngularJS are three new web development technologies that together provide an easy to implement, fully integrated web development stack. Node.js is a leading server-side programming environment, MongoDB is the most popular NoSQL database, and AngularJS is quickly becoming the leading framework for MVC-based front-end development. Together they allow web programmers to create high-performance sites and applications built completely in JavaScript, from server to client. Node.js, MongoDB and AngularJS Web Development is a complete guide for web programmers who want to integrate these three technologies into full working solutions. It begins with concise, crystal-clear tutorials on each of the three technologies and then quickly moves on to building several common web applications. Readers will learn how to use Node.js and MongoDB to build more scalable, high-performance sites, how to leverage AngularJS's innovative MVC approach to structure more effective pages and applications, and how to use all three together to deliver outstanding next-generation Web solutions. Implement a highly scalable and dynamic web server using Node.js and Express Build server-side web services in JavaScript Implement a MongoDB data store for your web applications Access and interact with MongoDB from Node.js JavaScript code Define static and dynamic web routes and implement server-side scripts to support them Implement Express in Node.js Create Jade templates Define your own custom AngularJS directives that extend the HTML language Implement client-side services that can interact with the Node.js web server Build dynamic browser views that provide rich user interaction Add authenticated user accounts to your web applications Add nested comment components to your web pages Build an end-to-end shopping cart 
533 |a Electronic reproduction.  |b Boston, MA :  |c Safari,  |n Available via World Wide Web.  |d 2014. 
538 |a Mode of access: World Wide Web. 
542 |f Copyright © 2014 Pearson Education, Inc.  |g 2014 
588 |a Online resource; Title from title page (viewed June 18, 2014) 
500 |a Electronic resource. 
655 7 |a Electronic books.  |2 local 
710 2 |a Safari, an O'Reilly Media Company. 
856 4 0 |u https://proxy.library.tamu.edu/login?url=https://go.oreilly.com/TAMU/library/view/-/9780133844351/?ar  |z Connect to this electronic resource  |t 0 
999 f f |s cd459f45-76b1-3737-9308-ab9caf163cc1  |i c19eb925-cc03-31e1-ba00-f3e8fc8e13fc  |t 0 
952 f f |a Texas A&M University  |b College Station  |c Electronic Resources  |s www_evans  |d Available Online  |t 0  |h No information provided 
998 f f |t 0  |l Available Online